Multifunkčná telocvičňa

Na minha lista:
Detalhes bibliográficos
Autor principal: Borák, Jozef (Author)
Outros Autores: Andráš, Milan (Thesis advisor)
Formato: Manuscrito Livro
Idioma:eslovaco
Publicado em: Bratislava 2020
Assuntos:
Acesso em linha:http://is.stuba.sk/zp/portal_zp.pl?podrobnosti=129790
Tags: Adicionar Tag
Sem tags, seja o primeiro a adicionar uma tag!

MARC

LEADER 00000ntm a22000003a 4500
001 stuzp73924
003 SK-STU
005 20200811091655.3
007 ta
008 150427s2015----xo-----f-mn---000-0-slo-d
040 |a STU  |b slo 
041 0 |a slo 
100 1 |a Borák, Jozef  |u 058180  |4 aut  |U FAD Fakulta architektúry  |T FA Ústav architektúry občianskych budov  |X 82888  |U A8180  |Y 399  |7 82888 
242 0 1 |a Multifunction Gym  |y eng 
245 1 0 |a Multifunkčná telocvičňa 
260 |c 2020  |a Bratislava 
650 4 |a šport  |2 slo 
650 4 |a lomenica  |2 slo 
650 4 |a Športová hala  |2 slo 
650 4 |a sport hall  |2 eng 
650 4 |a multifunction  |2 eng 
650 4 |a gable  |2 eng 
700 1 |a Andráš, Milan  |u 058180  |k Z1  |4 ths  |U FAD Fakulta architektúry  |T FA Ústav architektúry občianskych budov  |X 4208  |U A8180  |Y 399  |7 A000004208 
856 4 |u http://is.stuba.sk/zp/portal_zp.pl?podrobnosti=129790  |u https://opac.crzp.sk/?fn=detailBiblioForm&sid=56521031C266C9A2AF3D04001945